ბათუმის შოთა რუსთაველის სახელმწიფო უნივერსიტეტის ბიბლიოთეკა

ომი და მშვიდობა : (ბიბ.ჩანაწერი № 52985)

000 -ლიდერი
ფიქსირებული სიგრძის საკონტროლო ველი 01244nam a2200265Ia 4500
001 - საკონტროლო ნომერი
საკონტროლო ველი 20016
003 - საკონტროლო ნომრის იდენტიფიკატორი
საკონტროლო ველი GE_BSU
005 - ბოლო ოპერაციის თარიღი და დრო
საკონტროლო ველი 20250318133251.0
008 - ფიქსირებული სიგრძის მონაცემთა ელემენტები - ზოგადი ინფორმაცია
ფიქსირებული სიგრძის საკონტროლო ველი 181216s2014||||ge |||||||||||||| ||geo||
020 ## - წიგნის საერთაშორისო სტანდარტული ნომერი
International Standard Book Number 978-9941-21-521-6 (წიგნი 1)
040 ## - კატალოგიზაციის წყარო
Transcribing agency GE_BSU
041 ## - ენის კოდი
Language code of text/sound track or separate title geo
080 ## - უნივერსალური ათობითი კლასიფიკაციის ინდექსი
Universal Decimal Classification number 821.161.1-31 ტ-67
100 ## - მთავარი ჩანაწერი - პიროვნების სახელი
Personal name ტოლსტოი, ლევ (1828-1910)
9 (RLIN) 16531
245 ## - ცნობა სათაურის შესახებ
Title ომი და მშვიდობა :
Remainder of title 2 წიგნად. წ. 1. [ტ. 1-2] /
Statement of responsibility, etc ლევ ტოლსტოი ; რუს. თარგმნეს ილია აგლაძემ და არისტო ჭუმბაძემ ; მთ. რედ. ნინო დეკანოსიძე.
264 ## - წარმოების, გამოცემის, დისტრიბუციის და სხვა ცნობები
გამოცემის, წარმოების, დისტრიბუციის... ადგილი თბილისი :
გამოცემის, წარმოების, დისტრიბუციის... სახელწოდება პალიტრა L,
გამოცემის, წარმოების, დისტრიბუციის... თარიღი 2014.
300 ## - ფიზიკური აღწერა
Extent 744 გვ. ;
Dimensions 24 სმ.
653 ## - INDEX TERM--UNCONTROLLED
Uncontrolled term ომი და მშვიდობა
653 ## - INDEX TERM--UNCONTROLLED
Uncontrolled term რომანი
700 ## - ADDED ENTRY--PERSONAL NAME
Personal name აგლაძე, ილია
Relator term მთარგმნელი
9 (RLIN) 24588
700 ## - ADDED ENTRY--PERSONAL NAME
Personal name ჭუმბაძე, არისტო
Relator term მთარგმნელი
9 (RLIN) 24589
700 ## - ADDED ENTRY--PERSONAL NAME
Personal name დეკანოსიძე, ნინო
Relator term რედაქტორი
9 (RLIN) 15790
942 ## - ADDED ENTRY ELEMENTS (KOHA)
Koha item type წიგნი
Source of classification or shelving scheme
ეგზემპლარები
ჩამოწერის სტატუსი დაკარგული ეგზემპლარის სტატუსი კლასიფიკაციის წყარო ან თაროზე გაწყობის სქემა დაზიანების სტატუსი არ გაიცემა მუდმივი მდებარეობა (დაცვის ადგილი) ამჟამინდელი ადგილსამყოფელი თაროზე განთავსების ადგილი შეძენის თარიღი ღირებულება, შესყიდვის ნორმალური ფასი სრული შენახვის შიფრი შტრიხკოდი ბოლო ოპერაციის თარიღი ეგზემპლარის მიმდევრობითი ნომერი (კეტერი?) ფასის ძალაში შესვლის თარიღი ეგზემპლარის სახეობა საჯარო შენიშვნა
          ბათუმის შოთა რუსთაველის სახელმწიფო უნივერსიტეტის მთავარი ბიბლიოთეკა ბათუმის შოთა რუსთაველის სახელმწიფო უნივერსიტეტის მთავარი ბიბლიოთეკა წიგნსაცავი 2018-12-17 23.00 821.161.1-31ტ-67 27813 2018-12-17 27813 2018-12-17 წიგნი 23.00 ₾.